Livre blanc sur les camps de concentration soviétiques / (Record no. 18186)

MARC details
000 -LEADER
campo de control de longitud fija 00718nam a2200193 i 4500
001 - NÚMERO DE CONTROL
campo de control 18186
003 - IDENTIFICADOR DE NÚMERO DE CONTROL
campo de control ES-MaACL
007 - CAMPO FIJO DE DESCRIPCIÓN FÍSICA--INFORMACIÓN GENERAL
campo de control de longitud fija t|
008 - DATOS DE LONGITUD FIJA--INFORMACIÓN GENERAL
campo de control de longitud fija 011004s1951 fr ||||1| fre d
080 ## - NÚMERO DE LA CLASIFICACIÓN DECIMAL UNIVERSAL
Número de la Clasificación Decimal Universal 343.819.5(47+57)
245 00 - MENCIÓN DEL TÍTULO
Título Livre blanc sur les camps de concentration soviétiques /
Mención de responsabilidad, etc. Commision Internationale contre le Régime Concentrarionnaire.
260 ## - PUBLICACIÓN, DISTRIBUCIÓN, ETC.
Lugar de publicación, distribución, etc. [Paris :
Nombre del editor, distribuidor, etc. Le Pavois,
Fecha de publicación, distribución, etc. 1951]
300 ## - DESCRIPCIÓN FÍSICA
Extensión 256 p. ;
Dimensiones 23 cm.
500 ## - NOTA GENERAL
Nota general "Session publique tenue áa Bruxelles du 21 au 26 mai 1951"
500 ## - NOTA GENERAL
Nota general Biblioteca Juan Andrade.
650 14 - PUNTO DE ACCESO ADICIONAL DE MATERIA--TÉRMINO DE MATERIA
Término de materia o nombre geográfico como elemento de entrada Campos de concentración-
Subdivisión geográfica URSS.
9 (RLIN) 10714
710 2# - ENTRADA AGREGADA--NOMBRE DE ENTIDAD CORPORATIVA
Nombre de entidad corporativa o nombre de jurisdicción como elemento de entrada Commission Internationale contre le Régime Concentrationnaire.
9 (RLIN) 3103
852 ## - LOCALIZACIÓN
Ubicación ES-MaACL
Número de control de estantería AND-119
Sublocalización o colección R.109489
Holdings
Estatus retirado Estado de pérdida Estado de daño No para préstamo Biblioteca de origen Biblioteca actual Ubicación en estantería Fecha de adquisición Fuente de adquisición Total de préstamos Signatura topográfica completa Código de barras Visto por última vez Precio de reemplazo Tipo de ítem Koha
        Biblioteca del Ateneo de Madrid Biblioteca del Ateneo de Madrid Depósito 2 17/01/2008     AND-119 1018594 23/02/2023 23/02/2023 Libro impreso